[Event "FRA AJEC/5168 corr"]
[Site "France"]
[Date "2002.??.??"]
[Round "?"]
[White "Camps, Jean Pierre"]
[Black "Ravini, Pascal"]
[Result "0-1"]
[WhiteElo "1850"]
[BlackElo "1850"]
[PlyCount "42"]
[EventDate "2002.??.??"]
[EventType "tourn (corr)"]
[EventRounds "8"]
[EventCountry "FRA"]
[SourceTitle "Corr 2004"]
[Source "ChessBase"]
[SourceDate "2003.04.28"]
[SourceVersion "3"]
[SourceVersionDate "2003.04.28"]
[SourceQuality "1"]

1. e4 e5 2. Nf3 Nc6 3. d4 exd4 4. Nxd4 Bb4+ 5. c3 Be7 6. Bb5 Nf6 7. Qe2 Nxd4 8. cxd4 c6 9. Bc4 d5 10. exd5 cxd5 11. Bb5+ Bd7 12. Nc3 0-0 13. 0-0 Bd6 14. h3 Re8 15. Qd2 Bxb5 16. Nxb5 Bb8 17. f3 Qb6 18. Nc3 Be5 19. Ne2 Bc7 20. b3 Qd6 21. g3 Qe6 0-1

[Event "FRA AJEC/5168 corr"]
[Site "France"]
[Date "2002.??.??"]
[Round "?"]
[White "Lorin, Fabrice"]
[Black "Ravini, Pascal"]
[Result "0-1"]
[WhiteElo "2020"]
[BlackElo "1850"]
[PlyCount "20"]
[EventDate "2002.??.??"]
[EventType "tourn (corr)"]
[EventRounds "8"]
[EventCountry "FRA"]
[SourceTitle "Corr 2004"]
[Source "ChessBase"]
[SourceDate "2003.04.28"]
[SourceVersion "3"]
[SourceVersionDate "2003.04.28"]
[SourceQuality "1"]

1. d4 d5 2. c4 dxc4 3. Nf3 a6 4. e3 b5 5. a4 Bb7 6. b3 e6 7. axb5 axb5 8. Rxa8 Bxa8 9. bxc4 bxc4 10. Bxc4 Bb4+ 0-1